Helicobacter pylori : bakteria jangkitan perut

Bibliographic Details
Main Author: Alfizah Hanafiah
Format: Book
Published: Bangi : Penerbit Universiti Kebangsaan Malaysia , 2019
Subjects:

MARC

LEADER 00000cam a2200000 7i4500
001 0000278763
005 20210304145801.0
020 |a 9789674128371 
090 0 0 |a 579.3   |b ALF 
100 0 |a Alfizah Hanafiah 
245 1 0 |a Helicobacter pylori :   |b bakteria jangkitan perut   |c Alfizah Hanafiah 
260 |a Bangi :   |b Penerbit Universiti Kebangsaan Malaysia ,   |c 2019 
300 |a 260p. ;   |c 23cm. 
650 0 |a Bacteriology 
650 0 |a Government publications   |z Malaysia 
650 0 |a Helicbacter pylorui infections 
999 |a 00387177   |b BUKU   |c PINJAMAN   |e PERPUSTAKAAN KOMUNITI PETALING JAYA